000
00285nam a2200109Ia 4500
005
20251222114411.0
008
251222s1900||||xx |||||||||||||| ||spa||
082
_a
DVD0092/S25O/2006
245
0
_a
Santuario de Ocopa
264
_b
Castillejo, Cristian Salas Delgado, Raúl
942
_c
DVD
999
_c
2018
_d
2018